| 000 | 00475nam a22001577a 4500 | ||
|---|---|---|---|
| 003 | OSt | ||
| 005 | 20260128051150.0 | ||
| 008 | 260128b |||||||| |||| 00| 0 eng d | ||
| 020 | _a971-8705-43-0. | ||
| 040 |
_aDWC-Main lib. _cOC |
||
| 082 | _aSC. 807.9 T141 1998 | ||
| 245 |
_aTalaang ginto gawad surian sa tula gantimpalang collantes: _b1992-1998/ |
||
| 260 |
_aManila: _b Komisyon Sa Wikang Filipino, _cc1998. |
||
| 300 |
_a198 p. ; _c22 cm. |
||
| 942 |
_2ddc _cSC _hSC. _n0 |
||
| 999 |
_c7892 _d7892 |
||